Cueros. Rama curtiembre CCT 338/1975 y rama curtiembre y teñidos empleados CCT 392/1975 (Registro nro. 34130)

Detalles MARC
000 -LEADER
fixed length control field 00369 a2200109 4500
001 - CONTROL NUMBER
control field ART_48168
005 - DATE AND TIME OF LATEST TRANSACTION
control field 20260410162032.0
008 - FIXED-LENGTH DATA ELEMENTS--GENERAL INFORMATION
fixed length control field 260409a
100 1# - MAIN ENTRY--PERSONAL NAME
Personal name Godoy, Laura M.
245 10 - TITLE STATEMENT
Title Cueros. Rama curtiembre CCT 338/1975 y rama curtiembre y teñidos empleados CCT 392/1975
773 0# - HOST ITEM ENTRY
Title Liquidación de sueldos
Related parts - N° 151 (dic. 2018)
Record control number REV44399

No hay ítems disponibles.